000 00590nam a2200169 i 4500
001 39564
003 ES-MaACL
005 20230906160028.0
007 t|
008 030303s1970 sp ||||1| spa d
100 1 _aCano Sainz de Trapaga, Angel.
_934569
245 1 0 _aDiscurso... /
_cpor Angel Cano Sainz de Trapaga con motivo del I Centenario de la Ley Orgánica del Poder Judicial.
260 _aMadrid :
_bPresidencia del Tribunal Supremo,
_c1970.
300 _a32 p. ;
_c24 cm.
710 1 _aEspaña.
_bTribunal Supremo.
_bPresidencia.
_94006
852 _aES-MaACL
_j2075-F-23
_bR.74868
999 _c39564
_d39564